Vedic economy (Record no. 394340)

MARC details
000 -LEADER
fixed length control field 00536 a2200193 4500
005 - DATE & TIME
control field 20260205123943.0
008 - FIXED-LENGTH DATA ELEMENTS--GENERAL INFORMATION
fixed length control field 260205b |||||||| |||| 00| 0 eng d
020 ## - ISBN
International Standard Book Number 9788126936373
Price Rs. 1195.00
040 ## - CATALOGING SOURCE
Original cataloging agency VIVEKANANDA LIBRARY
082 ## - DDC NUMBER
Classification number 330.954093
Book Number B223V
100 ## - MAIN ENTRY--PERSONAL NAME
Personal name Banerjee, Rama Prosad
245 ## - TITLE STATEMENT
Title Vedic economy
260 ## - PUBLICATION, DISTRIBUTION, ETC. (IMPRINT)
Name of publisher, distributor, etc Atlantic Publishers and Distributors
Date of publication, distribution, etc 2025
Place of publication, distribution, etc New Delhi
300 ## - PHYSICAL DESCRIPTION
Pages xi, 637
650 ## - Subject
Subject Economics
650 ## - Subject
Subject Economics Conditions- India
650 ## - Subject
Subject Ancient Period- Vedic Period
942 ## - ADDED ENTRY ELEMENTS (KOHA)
Koha item type Books
Holdings
Withdrawn status Lost status Source of classification or shelving scheme Damaged status Not for loan Location (home branch) Sublocation or collection (holding branch) Shelving location Date acquired Koha issues (times borrowed) Koha full call number Accession No. Koha date last seen Koha item type
    Dewey Decimal Classification     VIVEKANANDA LIBRARY VIVEKANANDA LIBRARY Vivekananda Library 22/01/2026   330.954093 B223V 444426 22/01/2026 Books
© Designed and Maintained by Vivekananda Library, MDU Rohtak